Die Glasmalereien Vom Mittelalter Bis 1930 Im Kanton Thurgau : Corpus Vitrearum Schweiz, Reihe Neuzeit, Band 8.

Bibliographic Details
Main Author: Keller, Sarah.
Other Authors: Kaufmann, Katrin., Vitrocentre Romont, Vitrocentre.
Format: eBook
Language:German
Published: Berlin/Boston : Walter de Gruyter GmbH, 2022.
Edition:1st ed.
Subjects:
Online Access:Click to View
LEADER 01544nam a22003613i 4500
001 EBC7015439
003 MiAaPQ
005 20231204023225.0
006 m o d |
007 cr cnu||||||||
008 231204s2022 xx o ||||0 ger d
020 |a 9783110751055  |q (electronic bk.) 
035 |a (MiAaPQ)EBC7015439 
035 |a (Au-PeEL)EBL7015439 
035 |a (OCoLC)1312726707 
040 |a MiAaPQ  |b eng  |e rda  |e pn  |c MiAaPQ  |d MiAaPQ 
100 1 |a Keller, Sarah. 
245 1 4 |a Die Glasmalereien Vom Mittelalter Bis 1930 Im Kanton Thurgau :  |b Corpus Vitrearum Schweiz, Reihe Neuzeit, Band 8. 
250 |a 1st ed. 
264 1 |a Berlin/Boston :  |b Walter de Gruyter GmbH,  |c 2022. 
264 4 |c Ã2022. 
300 |a 1 online resource (120 pages) 
336 |a text  |b txt  |2 rdacontent 
337 |a computer  |b c  |2 rdamedia 
338 |a online resource  |b cr  |2 rdacarrier 
588 |a Description based on publisher supplied metadata and other sources. 
590 |a Electronic reproduction. Ann Arbor, Michigan : ProQuest Ebook Central, 2023. Available via World Wide Web. Access may be limited to ProQuest Ebook Central affiliated libraries.  
655 4 |a Electronic books. 
700 1 |a Kaufmann, Katrin. 
700 1 |a Vitrocentre Romont, Vitrocentre. 
776 0 8 |i Print version:  |a Keller, Sarah  |t Die Glasmalereien Vom Mittelalter Bis 1930 Im Kanton Thurgau  |d Berlin/Boston : Walter de Gruyter GmbH,c2022 
797 2 |a ProQuest (Firm) 
856 4 0 |u https://ebookcentral.proquest.com/lib/matrademy/detail.action?docID=7015439  |z Click to View